F. Scott Fitzgerald’s Great Gatsby and the notion of American Dream bakalárska práca

Enregistré dans:
Détails bibliographiques
Auteur principal: Botková, Viktória
Collectivité auteur: Fakulta aplikovaných jazykov EU v Bratislave. Katedra interkultúrnej komunikácie
Autres auteurs: Hrivíková, Tatiana, 1959-
Format: Livre
Langue:anglais
Publié: Bratislava 2015
Tags: Ajouter un tag
Pas de tags, Soyez le premier à ajouter un tag!

MARC

LEADER 00000nbm a2200000 4500
001 0202016
005 20161212094208.4
041 0 |a eng 
044 |a SK 
245 1 0 |a F. Scott Fitzgerald’s Great Gatsby and the notion of American Dream  |b bakalárska práca  |c Viktória Botková ; školiteľ: Tatiana Hrivíková 
264 1 |a Bratislava  |c 2015 
300 |a 47 s. 
100 1 |a Botková, Viktória 
700 1 |a Hrivíková, Tatiana, 1959- 
710 2 |a Fakulta aplikovaných jazykov EU v Bratislave. Katedra interkultúrnej komunikácie